<?xml version="1.0" encoding="UTF-8"?><?xml-stylesheet type="text/xsl" href="static/style.xsl"?><OAI-PMH xmlns="http://www.openarchives.org/OAI/2.0/" xmlns:xsi="http://www.w3.org/2001/XMLSchema-instance" xsi:schemaLocation="http://www.openarchives.org/OAI/2.0/ http://www.openarchives.org/OAI/2.0/OAI-PMH.xsd"><responseDate>2026-04-28T12:56:50Z</responseDate><request verb="GetRecord" identifier="oai:riubu.ubu.es:10259/3837" metadataPrefix="marc">https://riubu.ubu.es/oai/request</request><GetRecord><record><header><identifier>oai:riubu.ubu.es:10259/3837</identifier><datestamp>2024-05-13T07:27:34Z</datestamp><setSpec>com_10259_3830</setSpec><setSpec>com_10259_5086</setSpec><setSpec>com_10259_2604</setSpec><setSpec>col_10259_3832</setSpec></header><metadata><record xmlns="http://www.loc.gov/MARC21/slim" xmlns:doc="http://www.lyncode.com/xoai" xmlns:xsi="http://www.w3.org/2001/XMLSchema-instance" xmlns:dcterms="http://purl.org/dc/terms/" xsi:schemaLocation="http://www.loc.gov/MARC21/slim http://www.loc.gov/standards/marcxml/schema/MARC21slim.xsd">
<leader>00925njm 22002777a 4500</leader>
<datafield tag="042" ind1=" " ind2=" ">
<subfield code="a">dc</subfield>
</datafield>
<datafield tag="720" ind1=" " ind2=" ">
<subfield code="a">Martín, Óscar</subfield>
<subfield code="e">author</subfield>
</datafield>
<datafield tag="720" ind1=" " ind2=" ">
<subfield code="a">Pereda, María</subfield>
<subfield code="e">author</subfield>
</datafield>
<datafield tag="720" ind1=" " ind2=" ">
<subfield code="a">Santos Martín, José Ignacio</subfield>
<subfield code="e">author</subfield>
</datafield>
<datafield tag="720" ind1=" " ind2=" ">
<subfield code="a">Galán Ordax, José Manuel</subfield>
<subfield code="e">author</subfield>
</datafield>
<datafield tag="260" ind1=" " ind2=" ">
<subfield code="c">2014-11</subfield>
</datafield>
<datafield tag="520" ind1=" " ind2=" ">
<subfield code="a">Classification and regression tree (CART) and random forest techniques were proposed as pattern recognition tools for classification of ultrasonic oscillograms of resistance spot welding (RSW) joints. The results showed that CART models produced an acceptable error rate with high interpretability. These features may be used to understand and control the decision processes, instruct other human operators, compare margins of safety or modify them depending on the criticality of the industrial process. Compared with CART trees, random forests reduced the error rate at the cost of decreasing decision interpretability. The use of the agreement of the forest was proposed as a measure to reduce the workload of human operators, who would only have to focus on the analysis of ultrasonic oscillograms that are difficult to interpret</subfield>
</datafield>
<datafield tag="024" ind2=" " ind1="8">
<subfield code="a">0924-0136</subfield>
</datafield>
<datafield tag="024" ind2=" " ind1="8">
<subfield code="a">http://hdl.handle.net/10259/3837</subfield>
</datafield>
<datafield tag="024" ind2=" " ind1="8">
<subfield code="a">10.1016/j.jmatprotec.2014.05.021</subfield>
</datafield>
<datafield ind1=" " ind2=" " tag="653">
<subfield code="a">Resistance spot welding</subfield>
</datafield>
<datafield ind1=" " ind2=" " tag="653">
<subfield code="a">Non-destructive ultrasonic testing</subfield>
</datafield>
<datafield ind1=" " ind2=" " tag="653">
<subfield code="a">Random forest technique</subfield>
</datafield>
<datafield ind1=" " ind2=" " tag="653">
<subfield code="a">CART trees</subfield>
</datafield>
<datafield ind1=" " ind2=" " tag="653">
<subfield code="a">Classification</subfield>
</datafield>
<datafield ind1=" " ind2=" " tag="653">
<subfield code="a">Quality control</subfield>
</datafield>
<datafield tag="245" ind1="0" ind2="0">
<subfield code="a">Assessment of resistance spot welding quality based on ultrasonictesting and tree-based techniques</subfield>
</datafield>
</record></metadata></record></GetRecord></OAI-PMH>